[Event "HUN-chT2 Barcza 1617"]
[Site "Hungary"]
[Date "2017.04.09"]
[Round "11.4"]
[White "Kiss, Sandor1111"]
[Black "Karolyfalvi, Zoltan"]
[Result "0-1"]
[WhiteElo "2020"]
[BlackElo "2122"]
[PlyCount "80"]
[EventDate "2016.09.25"]
[EventType "team-tourn"]
[EventRounds "11"]
[EventCountry "HUN"]
[SourceTitle "EXT 2021"]
[Source "ChessBase"]
[SourceDate "2020.10.23"]
[SourceVersion "1"]
[SourceVersionDate "2020.10.23"]
[SourceQuality "1"]
[WhiteTeam "Tiszavasvar"]
[BlackTeam "Kazincbarcika"]
[WhiteTeamCountry "HUN"]
[BlackTeamCountry "HUN"]

1. e4 e5 2. Nf3 Nc6 3. Bb5 a6 4. Ba4 b5 5. Bb3 Bc5 6. 0-0 Nf6 7. c3 0-0 8. d4 Be7 9. Re1 d6 10. dxe5 Nxe5 11. Nxe5 dxe5 12. Qxd8 Rxd8 13. Bg5 h6 14. Bxf6 Bxf6 15. a4 Rb8 16. Na3 Rd2 17. axb5 axb5 18. Bd5 Rxb2 19. Rab1 Rxb1 20. Rxb1 Bd7 21. Bc4 c6 22. Bf1 Ra8 23. Nc2 Ra4 24. Nb4 Be7 25. Nd3 f6 26. f3 Kf7 27. Be2 c5 28. Kf1 Ra3 29. c4 b4 30. Nb2 g6 31. Nd3 Ke6 32. f4 Bc6 33. Rd1 Bxe4 34. fxe5 fxe5 35. Bg4+ Bf5 36. Nf2 Bxg4 37. Nxg4 h5 38. Nf2 Rc3 39. Re1 Rxc4 40. Nd3 e4 0-1

[Event "HUN-chT2 Barcza 1617"]
[Site "Hungary"]
[Date "2017.02.12"]
[Round "8.3"]
[White "Kassay, Krisztian"]
[Black "Karolyfalvi, Zoltan"]
[Result "1-0"]
[WhiteElo "2124"]
[BlackElo "2122"]
[PlyCount "61"]
[EventDate "2016.09.25"]
[EventType "team-tourn"]
[EventRounds "11"]
[EventCountry "HUN"]
[SourceTitle "EXT 2021"]
[Source "ChessBase"]
[SourceDate "2020.10.23"]
[SourceVersion "1"]
[SourceVersionDate "2020.10.23"]
[SourceQuality "1"]
[WhiteTeam "Miskolc Kisbocsok"]
[BlackTeam "Kazincbarcika"]
[WhiteTeamCountry "HUN"]
[BlackTeamCountry "HUN"]

1. e4 c6 2. d4 d5 3. exd5 cxd5 4. Bd3 Nc6 5. c3 Nf6 6. Bf4 Bg4 7. Qb3 Qd7 8. Nd2 e6 9. Ngf3 Nh5 10. Ne5 Qc7 11. Be3 Nf6 12. f4 Bd6 13. 0-0 Bh5 14. Ndf3 Nd7 15. Rae1 Nb6 16. Bd2 0-0-0 17. Nxc6 bxc6 18. a4 Bxf3 19. Rxf3 g6 20. a5 Na8 21. c4 Qb7 22. Qa4 Kd7 23. f5 Qxb2 24. fxe6+ fxe6 25. cxd5 Rc8 26. dxc6+ Kd8 27. Bg5+ Be7 28. Bxe7+ Kxe7 29. Rxe6+ Kxe6 30. Qc4+ Kd6 31. Qc5+ 1-0

[Event "HUN-chT2 Barcza 1314"]
[Site "Hungary"]
[Date "2014.04.27"]
[Round "11"]
[White "Horvath, Kristof"]
[Black "Karolyfalvi, Zoltan"]
[Result "1/2-1/2"]
[WhiteElo "1867"]
[BlackElo "2139"]
[PlyCount "34"]
[EventDate "2013.09.08"]
[EventType "team-tourn"]
[EventRounds "11"]
[EventCountry "HUN"]
[SourceTitle "EXT 2016"]
[Source "ChessBase"]
[SourceDate "2015.10.08"]
[SourceVersion "1"]
[SourceVersionDate "2015.10.08"]
[SourceQuality "1"]
[WhiteTeam "Miskolc EMSE"]
[BlackTeam "Kazincbarcika"]
[WhiteTeamCountry "HUN"]
[BlackTeamCountry "HUN"]

1. e4 c6 2. d4 d5 3. exd5 cxd5 4. c4 Nf6 5. Nc3 e6 6. Nf3 Be7 7. Bd3 0-0 8. 0-0 a6 9. c5 Nc6 10. a3 Nd7 11. b4 Bf6 12. Be3 b6 13. Qc2 bxc5 14. Bxh7+ Kh8 15. bxc5 g6 16. Bxg6 fxg6 17. Qxg6 Nxc5 1/2-1/2

[Event "HUN-chT2 Barcza 1314"]
[Site "Hungary"]
[Date "2014.03.23"]
[Round "9"]
[White "Herczeg, Tibor"]
[Black "Karolyfalvi, Zoltan"]
[Result "1/2-1/2"]
[WhiteElo "2100"]
[BlackElo "2139"]
[PlyCount "29"]
[EventDate "2013.09.08"]
[EventType "team-tourn"]
[EventRounds "11"]
[EventCountry "HUN"]
[SourceTitle "EXT 2016"]
[Source "ChessBase"]
[SourceDate "2015.10.08"]
[SourceVersion "1"]
[SourceVersionDate "2015.10.08"]
[SourceQuality "1"]
[WhiteTeam "Sajobabony"]
[BlackTeam "Kazincbarcika"]
[WhiteTeamCountry "HUN"]
[BlackTeamCountry "HUN"]

1. e4 c6 2. d4 g6 3. Bd3 d5 4. e5 h5 5. Ne2 Nh6 6. c3 b6 7. Bg5 Qc7 8. 0-0 Nf5 9. Nd2 Bh6 10. Nf3 Bxg5 11. Nxg5 c5 12. Ng3 Nc6 13. Rc1 c4 14. Bc2 h4 15. Nxf5 1/2-1/2

[Event "HUN-chT2 Barcza 1314"]
[Site "Hungary"]
[Date "2013.11.03"]
[Round "4"]
[White "Karolyfalvi, Zoltan"]
[Black "Kulcsar, Gabor"]
[Result "1/2-1/2"]
[WhiteElo "2139"]
[BlackElo "2094"]
[PlyCount "45"]
[EventDate "2013.09.08"]
[EventType "team-tourn"]
[EventRounds "11"]
[EventCountry "HUN"]
[SourceTitle "EXT 2016"]
[Source "ChessBase"]
[SourceDate "2015.10.08"]
[SourceVersion "1"]
[SourceVersionDate "2015.10.08"]
[SourceQuality "1"]
[WhiteTeam "Kazincbarcika"]
[BlackTeam "Debrecen Sakkiskola"]
[WhiteTeamCountry "HUN"]
[BlackTeamCountry "HUN"]

1. d4 d5 2. Nf3 Nf6 3. c4 c6 4. Nc3 e6 5. e3 Nbd7 6. Bd3 dxc4 7. Bxc4 Be7 8. 0-0 0-0 9. a4 c5 10. dxc5 Nxc5 11. Qe2 Nce4 12. Nb5 a6 13. Rd1 Qa5 14. Nbd4 Qh5 15. Bd2 e5 16. Nc2 Bg4 17. h3 Nxd2 18. Rxd2 Bxf3 19. Qxf3 Qxf3 20. gxf3 Rfd8 21. Rad1 Rxd2 22. Rxd2 Rd8 23. Rxd8+ 1/2-1/2

[Event "HUN-chT2 Maroczy 1112"]
[Site "Hungary"]
[Date "2012.05.20"]
[Round "11"]
[White "Szepes, Tamas"]
[Black "Karolyfalvi, Zoltan"]
[Result "0-1"]
[WhiteElo "2145"]
[BlackElo "2114"]
[PlyCount "68"]
[EventDate "2011.09.25"]
[EventType "team-tourn"]
[EventRounds "11"]
[EventCountry "HUN"]
[SourceTitle "EXT 2013"]
[Source "ChessBase"]
[SourceDate "2012.11.22"]
[SourceVersion "1"]
[SourceVersionDate "2012.11.22"]
[SourceQuality "1"]
[WhiteTeam "Taban Spartacus"]
[BlackTeam "Kazincbarcika"]
[WhiteTeamCountry "HUN"]
[BlackTeamCountry "HUN"]

1. d4 Nf6 2. c4 e6 3. g3 d5 4. Nf3 c6 5. Bg2 Nbd7 6. b3 Bb4+ 7. Bd2 a5 8. 0-0 0-0 9. Qc2 Ne4 10. Bf4 a4 11. Nbd2 f5 12. Nxe4 fxe4 13. Ne5 Nf6 14. f3 Qa5 15. fxe4 axb3 16. Qxb3 dxe4 17. e3 c5 18. Qc2 Rd8 19. Bg5 cxd4 20. exd4 Rxd4 21. Bxf6 gxf6 22. Ng4 f5 23. Qf2 Qd8 24. Qf4 e3 25. Nh6+ Kg7 26. Qxe3 Bd2 27. Nxf5+ exf5 28. Qe5+ Kg6 29. Bh3 f4 30. Bg2 Be3+ 31. Kh1 Qf6 32. Qe8+ Kg7 33. Bd5 Rxd5 34. cxd5 Bf5 0-1

[Event "HUN-chT2 Barcza 1011"]
[Site "Hungary"]
[Date "2011.05.01"]
[Round "10.2"]
[White "Borsavolgyi, Tamas"]
[Black "Karolyfalvi, Zoltan"]
[Result "1/2-1/2"]
[WhiteElo "2265"]
[BlackElo "2098"]
[PlyCount "75"]
[EventDate "2010.09.12"]
[EventType "team-tourn"]
[EventRounds "11"]
[EventCountry "HUN"]
[SourceTitle "EXT 2012"]
[Source "ChessBase"]
[SourceDate "2011.11.24"]
[SourceVersion "1"]
[SourceVersionDate "2011.11.24"]
[SourceQuality "1"]
[WhiteTeam "Hajduszoboszlo"]
[BlackTeam "Kazincbarcika"]
[WhiteTeamCountry "HUN"]
[BlackTeamCountry "HUN"]

1. e4 c6 2. d4 d5 3. e5 Bf5 4. h4 h5 5. c4 e6 6. Nc3 Nd7 7. cxd5 cxd5 8. Nge2 Ne7 9. Ng3 g6 10. Be2 Qb6 11. 0-0 a6 12. Na4 Qc6 13. Nxf5 Nxf5 14. Bg5 b5 15. Rc1 Qb7 16. Nc5 Nxc5 17. dxc5 Be7 18. b4 Nxh4 19. c6 Qc7 20. Bxe7 Qxe7 21. a4 Qxb4 22. axb5 axb5 23. Bd3 0-0 24. g3 Nf5 25. Bxf5 exf5 26. Qxd5 h4 27. e6 hxg3 28. exf7+ Kh7 29. c7 Qh4 30. Qg2 Qh2+ 31. Qxh2+ gxh2+ 32. Kxh2 Rac8 33. Rc5 Rxf7 34. Rxb5 Rfxc7 35. Kg2 Kh6 36. Rh1+ Kg5 37. Rh3 Rc6 38. Rg3+ 1/2-1/2

[Event "HUN-chT2 Barcza 0910"]
[Site "Hungary"]
[Date "2010.04.11"]
[Round "9.3"]
[White "Adorjan, Attila"]
[Black "Karolyfalvi, Zoltan"]
[Result "0-1"]
[WhiteElo "1918"]
[BlackElo "2098"]
[PlyCount "56"]
[EventDate "2009.11.08"]
[EventType "team-tourn"]
[EventRounds "11"]
[EventCountry "HUN"]
[SourceTitle "EXT 2011"]
[Source "ChessBase"]
[SourceDate "2010.11.26"]
[SourceVersion "1"]
[SourceVersionDate "2010.11.26"]
[SourceQuality "1"]
[WhiteTeam "Nyiregyhaza"]
[BlackTeam "Kazincbarcika"]
[WhiteTeamCountry "HUN"]
[BlackTeamCountry "HUN"]

1. e4 c6 2. Nc3 d5 3. Nf3 Nf6 4. e5 Ne4 5. d3 Nxc3 6. bxc3 Bg4 7. d4 e6 8. Be2 c5 9. a4 Nc6 10. 0-0 Be7 11. Qd3 0-0 12. Qe3 Rc8 13. Rb1 Qc7 14. Bb2 Na5 15. Bd3 Nc4 16. Bxc4 cxd4 17. Nxd4 Qxc4 18. Ra1 Bc5 19. Ba3 Rfd8 20. Rfc1 Bb6 21. Qf4 Bf5 22. Qh4 Bg6 23. Bd6 Qxc3 24. Nb5 Qd2 25. Be7 Rd7 26. Bg5 Bxf2+ 27. Qxf2 Qxg5 28. Nd6 Rc3 0-1

[Event "Eger Agria op"]
[Site "Eger"]
[Date "2009.07.26"]
[Round "7"]
[White "Karolyfalvi, Zoltan"]
[Black "Nagy, Aron"]
[Result "0-1"]
[WhiteElo "2112"]
[BlackElo "1996"]
[PlyCount "103"]
[EventDate "2009.07.22"]
[EventType "swiss"]
[EventRounds "7"]
[EventCountry "HUN"]
[SourceTitle "EXT 2011"]
[Source "ChessBase"]
[SourceDate "2010.11.26"]
[SourceVersion "1"]
[SourceVersionDate "2010.11.26"]
[SourceQuality "1"]

1. d4 d5 2. Nf3 Nf6 3. Bf4 c5 4. e3 Nc6 5. c3 Qb6 6. Qb3 c4 7. Qxb6 axb6 8. Nbd2 b5 9. Be2 b4 10. 0-0 Bf5 11. Ne5 e6 12. g4 Nxe5 13. gxf5 Nc6 14. fxe6 fxe6 15. e4 bxc3 16. bxc3 Ra3 17. Rfc1 b5 18. e5 Nd7 19. Nf3 Be7 20. Ng5 Bxg5 21. Bxg5 Kf7 22. Be3 Rha8 23. Rc2 b4 24. cxb4 Nxb4 25. Rb2 Rxa2 26. Raxa2 Rxa2 27. Bh5+ g6 28. Rxb4 gxh5 29. Rb7 Ke8 30. Rc7 Kd8 31. Rc6 Nf8 32. Bh6 Kd7 33. Rd6+ Ke7 34. Bxf8+ Kxf8 35. Rxe6 Rd2 36. Rf6+ Kg7 37. Kf1 Rxd4 38. f4 Re4 39. Kf2 c3 40. Rc6 Rxf4+ 41. Ke3 Rc4 42. Rxc4 dxc4 43. Ke2 Kf7 44. Kd1 Ke6 45. Kc2 Kxe5 46. Kxc3 Kd5 47. h4 Kc5 48. Kc2 Kd4 49. Kd2 c3+ 50. Kc2 Kc4 51. Kc1 Kd3 52. Kd1 0-1

[Event "Eger Agria op"]
[Site "Eger"]
[Date "2009.07.23"]
[Round "2"]
[White "Habibi, Ali"]
[Black "Karolyfalvi, Zoltan"]
[Result "1-0"]
[WhiteElo "2308"]
[BlackElo "2112"]
[PlyCount "95"]
[EventDate "2009.07.22"]
[EventType "swiss"]
[EventRounds "7"]
[EventCountry "HUN"]
[SourceTitle "EXT 2011"]
[Source "ChessBase"]
[SourceDate "2010.11.26"]
[SourceVersion "1"]
[SourceVersionDate "2010.11.26"]
[SourceQuality "1"]

1. Nf3 d5 2. c4 c6 3. e3 Nf6 4. b3 Bg4 5. Bb2 Nbd7 6. Be2 e6 7. Nc3 Bd6 8. d4 0-0 9. h3 Bh5 10. 0-0 Rc8 11. Rc1 Re8 12. Qc2 Bb8 13. Rfe1 Qc7 14. g3 Bg6 15. Bd3 dxc4 16. bxc4 Bxd3 17. Qxd3 e5 18. Qc2 h5 19. h4 Ng4 20. Ng5 g6 21. c5 Ndf6 22. Nce4 Nxe4 23. Nxe4 Qe7 24. Bc3 Rcd8 25. Rb1 Rd7 26. a4 Nf6 27. Nd6 Bxd6 28. cxd6 Qxd6 29. dxe5 Qd3 30. Qxd3 Rxd3 31. Bd4 Ng4 32. Rxb7 a5 33. e6 f6 34. e7 Kf7 35. Rc1 Ra3 36. Rxc6 Rxa4 37. f3 Ne5 38. Bxe5 fxe5 39. Rbb6 Ra1+ 40. Kg2 Rxe7 41. Rf6+ Ke8 42. Rb8+ Kd7 43. Rxg6 Ra2+ 44. Kh3 Ra3 45. Ra6 Rxe3 46. Rxa5 Ke6 47. Rb6+ Kf7 48. Rh6 1-0

[Event "Eger Agria op"]
[Site "Eger"]
[Date "2009.07.22"]
[Round "1"]
[White "Karolyfalvi, Zoltan"]
[Black "Andrassy, Laszlo"]
[Result "1-0"]
[WhiteElo "2112"]
[BlackElo "1691"]
[PlyCount "63"]
[EventDate "2009.07.22"]
[EventType "swiss"]
[EventRounds "7"]
[EventCountry "HUN"]
[SourceTitle "EXT 2011"]
[Source "ChessBase"]
[SourceDate "2010.11.26"]
[SourceVersion "1"]
[SourceVersionDate "2010.11.26"]
[SourceQuality "1"]

1. d4 c5 2. c3 e6 3. Nf3 Nf6 4. Bg5 cxd4 5. cxd4 Be7 6. e3 0-0 7. Bd3 d5 8. 0-0 Nbd7 9. Nc3 a6 10. a4 Qc7 11. Rc1 Qd6 12. Bb1 g6 13. Qe2 Qb4 14. Rfe1 Nb6 15. Ne5 Re8 16. Qf3 Nbd7 17. Nxd7 Nxd7 18. Bxe7 Qxe7 19. e4 dxe4 20. Nxe4 f5 21. Nc5 Nxc5 22. Rxc5 b6 23. Rce5 Bd7 24. Ba2 Rac8 25. Qe3 Kf8 26. h3 Qd6 27. Bxe6 Bxe6 28. Rxe6 Qd7 29. d5 Kf7 30. Qe5 Qxa4 31. Re7+ Kf8 32. Qg7# 1-0

[Event "HUN-chT2 Barcza 0809"]
[Site "Hungary"]
[Date "2009.03.08"]
[Round "9.2"]
[White "Karolyfalvi, Zoltan"]
[Black "Kiss, Sandor1111"]
[Result "0-1"]
[WhiteElo "2152"]
[BlackElo "2125"]
[PlyCount "116"]
[EventDate "2008.10.26"]
[EventType "team-tourn"]
[EventRounds "11"]
[EventCountry "HUN"]
[SourceTitle "EXT 2010"]
[Source "ChessBase"]
[SourceDate "2010.11.25"]
[SourceVersion "1"]
[SourceVersionDate "2010.11.25"]
[SourceQuality "1"]
[WhiteTeam "Kazincbarcika II"]
[BlackTeam "Tiszavasvar"]
[WhiteTeamCountry "HUN"]
[BlackTeamCountry "HUN"]

1. d4 Nf6 2. Nf3 e6 3. Bg5 c5 4. e3 h6 5. Bh4 b6 6. Nbd2 Bb7 7. c3 d5 8. Ne5 Qc7 9. Bb5+ Nc6 10. Qa4 Rc8 11. Qxa7 Nd7 12. Bxc6 Bxc6 13. Qxc7 Rxc7 14. Nxc6 Rxc6 15. 0-0 Bd6 16. e4 f6 17. Rfe1 Kf7 18. exd5 exd5 19. Nb3 c4 20. Nd2 f5 21. f3 g5 22. Bf2 b5 23. a3 Nf6 24. Nf1 f4 25. Re2 Rc7 26. Rae1 Re7 27. Rxe7+ Bxe7 28. g3 Bd6 29. h4 gxh4 30. g4 Rg8 31. Bxh4 Nxg4 32. Kh1 Nf6 33. Re2 Re8 34. Rxe8 Nxe8 35. Kg2 Ng7 36. Kh3 h5 37. Bf2 Nf5 38. Bg1 Kg6 39. Bf2 Kg5 40. Bg1 Nh4 41. Nd2 Nf5 42. Nf1 Ng3 43. Kg2 Ne2 44. Bh2 Be7 45. Nd2 Nc1 46. Bg1 Nd3 47. b4 cxb3 48. Nxb3 Bxa3 49. Nc5 Bxc5 50. dxc5 Ne5 51. Bd4 Nc6 52. Bf2 b4 53. cxb4 Nxb4 54. Be1 Nc6 55. Kh3 d4 56. Bh4+ Kf5 57. Be1 Ne5 58. Kg2 Nd3 0-1